000 00392nam a22001577a 4500
008 140521b xxu||||| |||| 00| 0 alb d
041 0 _aalb
080 _a512
_x(075.8)
100 _aGashi, Emrush,
245 1 0 _aAlgjebra 1 /
_cEmrush Gashi;
300 _a356 f.:
_bme il.;
_c24 cm.
500 _aParathënie: [VII]-X
505 _aIndeksi: f. 353-356
650 _aAlgjebra
942 _2udc
_cBK
999 _c458
_d458